000 00424nam a2200181Ia 4500
008 240510s9999 xx 000 0 und d
020 _a9789555707022
041 _asih
082 _a891.483
082 _bW34
100 _aWIJESINGHE ,Manuka : Translator: HERATH ,L.B.
245 0 _aTheravadhi Purushaya
260 _bColombo:Samayawardhana
260 _c2012
300 _a392 p.
942 _2ddc
942 _cLBK
999 _c28784
_d28784
945 _a1
_bMadushi Gamage
_c1
_dMadushi Gamage